Áp dụng độ đo entropy cho bài toán tách đặc trưng của bọt khí trên video và đề xuất kết hợp SVM cho vấn đề tự động theo dõi sục khí tại trạm quan trắc môi trường
Chuyên ngành: Hệ thống thông tin; Mã số: 8480104; Ý kiến về việc sao chép tài liệu: Đồng ý 100%; Ý kiến về việc sao chép file: Không đồng ý; Thư mục tài liệu tham khảo tr.51-52; Luận văn thạc sĩ. Trường Đại học Thủ Dầu Một; Luận văn gồm c...
Đã lưu trong:
| 主要作者: | |
|---|---|
| 其他作者: | |
| 格式: | 图书 |
| 语言: | Undetermined |
| 出版: |
Bình Dương
2019
|
| 主题: | |
| 在线阅读: | http://lrc.tdmu.edu.vn/opac/search/detail.asp?aID=2&ID=37802 |
| 标签: |
添加标签
没有标签, 成为第一个标记此记录!
|
| Thư viện lưu trữ: | Trung tâm Học liệu Trường Đại học Thủ Dầu Một |
|---|
| LEADER | 01845nam a2200205Ia 4500 | ||
|---|---|---|---|
| 001 | TDMU_37802 | ||
| 008 | 210410s9999 xx 000 0 und d | ||
| 082 | |a 658.8343 | ||
| 090 | |b TR312 | ||
| 100 | |a Trịnh, Văn Dũng | ||
| 245 | 0 | |a Áp dụng độ đo entropy cho bài toán tách đặc trưng của bọt khí trên video và đề xuất kết hợp SVM cho vấn đề tự động theo dõi sục khí tại trạm quan trắc môi trường | |
| 245 | 0 | |c Trịnh Văn Dũng; TS. Hoàng Mạnh Hà (hướng dẫn) | |
| 260 | |a Bình Dương | ||
| 260 | |c 2019 | ||
| 300 | |a 52tr | ||
| 520 | |a Chuyên ngành: Hệ thống thông tin; Mã số: 8480104; Ý kiến về việc sao chép tài liệu: Đồng ý 100%; Ý kiến về việc sao chép file: Không đồng ý; Thư mục tài liệu tham khảo tr.51-52; Luận văn thạc sĩ. Trường Đại học Thủ Dầu Một; Luận văn gồm có 4 chương: Chương 1. Tổng quan về xử lý và nhận dạng ảnh. Chương 2. Nghiên cứu phương pháp giải quyết bài toán nhận dạng bọt khí. Chương 3. Thực nghiệm và đề xuất ứng dụng phương pháp trích chọn đặc trưng cho bài toán nhận dạng ảnh bọt khí. Chương 4. Thực nghiệm áp dụng phương pháp SVM vào bài toán theo dõi vấn đề sục khí cho bể nuôi vi sinh | ||
| 650 | |a Theo dõi sục khí |x Trạm quan trắc môi trường |x Trích chọn đặc trưng ảnh | ||
| 700 | |a Hoàng, Mạnh Hà | ||
| 856 | |u http://lrc.tdmu.edu.vn/opac/search/detail.asp?aID=2&ID=37802 | ||
| 980 | |a Trung tâm Học liệu Trường Đại học Thủ Dầu Một | ||